000 00421nam a22001817a 4500
003 CEME
005 20210628202422.0
008 210315b xxu||||| |||| 00| 0 eng d
020 _a0-7506-1939-2
040 _c.
082 _a671.2 FOS'B
100 _aBrown, J.R
_959825
245 _aFoseco foundry man's handbook
250 _a10TH
260 _aOXFORD
_bBUTTER WORTH
_c1994
300 _a380P
942 _cBK
_2ddc
999 _c569713
_d569713